Guess the Movie - Character Drawings #2 - Statistics

General Stats
  • This quiz has been taken 42 times
  • The average score is 6 of 10
Answer Stats
Picture Answer % Correct
Indiana Jones Series
95%
Alice in Wonderland
92%
Iron Man
92%
X-Men Origins: Wolverine
87%
Django Unchained
74%
The Lorax
69%
Dumb and Dumber
56%
The Dictator
51%
The Aviator
8%
Max Payne
5%
No matching quizzes found
Score Distribution
Percent of People with Each Score
Percentile by Number Answered
Your Score History
You have not taken this quiz